Normal view
MARC view
Entry Personal Name
001 - CONTROL NUMBER
- control field: 35405
003 - CONTROL NUMBER IDENTIFIER
- control field: ARRUPE
005 - DATE AND TIME OF LATEST TRANSACTION
- control field: 20170830104007.0
008 - FIXED-LENGTH DATA ELEMENTS
- fixed length control field: 170830|| aca||aabn | a|a d
040 ## - CATALOGING SOURCE
- Original cataloging agency: ARRUPE
- Transcribing agency: ARRUPE
100 ## - HEADING--PERSONAL NAME
- Personal name: Sturges, Betty.
670 ## - SOURCE DATA FOUND
- Source citation: Work cat.: (ARRUPE)0: Gent, Barbara. 35401, The altar guild book /, c1982.